01203nem a2200217 u 450000500170000000800410001704000250005804100080008304400070009111000820009824501470018025500120032726000980033930000360043750003990047365000180087265000150089065000160090571000180092171000460093920200104041742.0160503b2005 c ||||| |b|| 00| 0 spa d aCO-BoIAVHcCO-BoIAVH aspa ack2 aInstituto de Investigación de Recursos Biológicos Alexander von Humboldt.1 aMapa de geomorfología de la Cuenca Cane - Iguaque ;cUnidad de sistemas de información geográfica UNISIG- IAvH h[Material Cartografico] a1:00000 aBogotábInstituto de Investigación de Recursos Biológicos Alexander von Humboldt.c2005 a16 mapas ;b color c44 x 30 cm aConvenio interadministrativo de cooperación técnica entre la comisión conjunta para la ordenación y manejo ambiental de la cuenca del Río Cane - Iguaque corporación autónoma regional de Boyaca, corpoboyaca- territorial norandina de la unidad administrativa especial de parques nacionales naturales y el Instituto de investigación de recursos biológicos Alexander Von Humboldt 04aHidrografía04aCarreteras04aGeografía1 aCorpoboyacá1 aParques nacionales naturales de Colombia